Chicago - Choix multiples - Statistiques

Statistiques générales
  • Ce quiz a été pris 3 259 fois
    3 258 depuis la dernière actualisation
  • Le résultat moyen est 6 sur 10
Statistiques - réponses
Question Réponse % Correct
La célèbre Route 66 commence à Chicago, mais où se termine-t-elle ? Santa Monica, Californie
79%
Sur quel lac la ville de Chicago se situe-t-elle ? Le lac Michigan
77%
Qui était à la tête de l'Outfit de Chicago ? Al Capone
74%
Dans quel album Tintin visite-t-il la ville ? Tintin en Amérique
73%
Comment Chicago est-elle surnommée ? La ville des vents
66%
Quel bâtiment de Chicago était le plus haut du monde de 1973 à 1998 ? La Willis Tower
65%
Qui la statue à l'extérieur du United Center représente-t-elle ? Michael Jordan
60%
À quoi a-t-on attribué l'incendie de Chicago de 1871 ? A la vache d'une femme irlandaise qui aurait renversé une lanterne
49%
Laquelle de ces choses n'est PAS originaire de Chicago ? Le Coca-cola
35%
Que ne trouverez-vous jamais dans un hot-dog de Chicago ? Du ketchup
25%
Aucun quiz correspondant
Distribution des résultats
% des personnes avec chaque résultat
Percentile par nombre de réponses
Votre historique - résultats
Vous n’avez pas pris ce quiz depuis la dernière actualisation